| 000 | 00568nam a2200205Ia 4500 | ||
|---|---|---|---|
| 001 | 66129 | ||
| 008 | 150404s9999 xx 000 0 und d | ||
| 020 | _a1840648341 | ||
| 040 | _cPK-LaUMT | ||
| 082 |
_a 307.12 _bREG- |
||
| 100 | _aJohansson, Borje | ||
| 245 |
_aRegional policies and comparative advantage _cJohansson, Borje|Karlsson, Charlie|Stough, Roger R. |
||
| 260 |
_aCheltenham,UK: _bEdward Elgar, _c2002 |
||
| 300 | _a519 p. | ||
| 546 | _aEN | ||
| 650 | _aRegional planning | ||
| 700 | _aKarlsson, Charlie | ||
| 700 | _aStough, Roger R. | ||
| 942 | _cBK | ||
| 999 |
_c69468 _d69468 |
||